Opotrebovanie rezného nástroja pri viacosovom obrábaní

Salvato in:
Dettagli Bibliografici
Autore principale: Miklovič, Peter, 1991- (Autore)
Altri autori: Pokorný, Peter, 1976- (Relatore della tesi)
Natura: Manoscritto Libro
Lingua:slovacco
Pubblicazione: 2015
Soggetti:
Accesso online:http://is.stuba.sk/zp/portal_zp.pl?podrobnosti=110172
Tags: Aggiungi Tag
Nessun Tag, puoi essere il primo ad aggiungerne!!

MARC

LEADER 00000ntm a22000003a 4500
001 stuzp51025
003 SK-STU
005 20160719153730.5
007 ta
008 150427s2015----xo-----f-mn---000-0-slo-d
040 |a STU  |b slo 
041 0 |a slo 
100 1 |a Miklovič, Peter,  |d 1991-  |u 063000  |4 aut  |U MTF Materiálovotechnologická fakulta  |T MTF Ústav výrobných technológií  |X 6457  |U M3000  |Y 83  |7 A000006457 
242 0 1 |a Dependence of wear of the cutting tool by machining strategy  |y eng 
245 1 0 |a Opotrebovanie rezného nástroja pri viacosovom obrábaní 
260 |c 2015 
650 4 |a opotrebovanie  |2 slo 
650 4 |a frézovanie  |2 slo 
650 4 |a rezný nástroj  |2 slo 
650 4 |a tool wear  |2 eng 
650 4 |a milling  |2 eng 
650 4 |a cutting tool  |2 eng 
700 1 |a Pokorný, Peter,  |d 1976-  |4 ths  |X 2771  |7 A000002771 
856 4 |u http://is.stuba.sk/zp/portal_zp.pl?podrobnosti=110172 
996 |c M* DP-12391  |l MMSKP  |s P  |a 0  |w stuzp51025_0001 
SQL |a stuzp51025  |b DDP  |c SLO  |d Opotrebovanie rezného nástroja pri viacosovom obrábaní  |e 6457  |f Miklovič, Peter  |g 063000  |h 2771  |i Pokorný, Peter  |j 20150605  |k 187  |l 06  |m http://is.stuba.sk/zp/portal_zp.pl?podrobnosti=110172  |n I-PPN  |o 5.2.51. výrobné technológie